| 000 | 01091nam a22002417a 4500 | ||
|---|---|---|---|
| 999 |
_c1590 _d1590 |
||
| 003 | AR-CdUCM | ||
| 008 | 190227b ||||| |||| 00| 0 spa d | ||
| 020 | _a9686599533 | ||
| 040 |
_aMUNICIPALIDAD PROVINCIAL DEL CUSCO _cBIBLIOTECA MUNICIPAL DEL CUSCO |
||
| 082 |
_a122.21 / _bH682 |
||
| 100 |
_aHobbes, Thomas _95972 |
||
| 245 |
_aLeviatán / _bCiencia Politica : |
||
| 260 |
_aMéxico, D.F : _bEdiciones Gernika, _c1994. |
||
| 300 |
_a377 paginas ; _c17 cm. |
||
| 505 | _at1 : De las sensaciones -- Del lenguaje -- Dela razón y la ciencia -- De las virtudes comúnmente llamadas intelectuales, y de su defectos opuestos -- De la religión. t2 :De un Estado Cristiano -- Del significado de Espíritu, Ángel, e inspiración -- De la significación de la vida eterna, infierno, salvación, mundo venidero y redención en la escritura... | ||
| 650 |
_aCiencia y religion _95973 |
||
| 650 |
_aFilosofía _9395 |
||
| 650 |
_aCiencia política _91775 |
||
| 650 |
_aIglesia y Estado. _93500 |
||
| 650 |
_aLa razón y la ciencia _95974 |
||
| 942 |
_2ddc _cLIBROS |
||
| 945 |
_awnts _d2019-02-27 |
||